000
00512nam a2200169Ia 4500
008
090711s9999 xx 000 0 und d
082
_b
20082
100
_a
काणेकर अनंत
245
_a
खडक कोरतात आकाश
260
_c
1964
300
_a
151
600
_a
काणेकर अनंत
630
_a
खडक कोरतात आकाश
700
_a
काणेकर अनंत
730
_a
खडक कोरतात आकाश
942
_c
BOOK
999
_c
291131
_d
291131